Production of low protein gloves : Current status and measurement caveats (Record no. 65837)

MARC details
000 -LEADER
fixed length control field 00637nam a2200193Ia 4500
100 ## - MAIN ENTRY--AUTHOR NAME
Personal name Fah Lai Pin
245 #0 - TITLE STATEMENT
Title Production of low protein gloves : Current status and measurement caveats
260 ## - PUBLICATION, DISTRIBUTION, ETC. (IMPRINT)
Name of publisher 2nd International Rubber Glove Conference and Exhibition, Technical Papers, 29 June - 1 July, 2004, Kuala Lumpur, Malaysia.
650 ## - SUBJECT ADDED ENTRY--TOPICAL TERM
Topical Term Extractable protein
650 ## - SUBJECT ADDED ENTRY--TOPICAL TERM
Topical Term Latex protein allergy
650 ## - SUBJECT ADDED ENTRY--TOPICAL TERM
Topical Term Low protein gloves
650 ## - SUBJECT ADDED ENTRY--TOPICAL TERM
Topical Term Protein status
650 ## - SUBJECT ADDED ENTRY--TOPICAL TERM
Topical Term SMG
700 ## - ADDED ENTRY--PERSONAL NAME
Personal name Hashim Che Hasma
700 ## - ADDED ENTRY--PERSONAL NAME
Personal name Lang Mok Kok
700 ## - ADDED ENTRY--PERSONAL NAME
Personal name Mustafa Asrul
942 ## - ADDED ENTRY ELEMENTS (KOHA)
Koha item type Journals
Holdings
Withdrawn status Lost status Damaged status Not for loan Home library Current library Shelving location Date acquired Koha item type
      Journals RRII Library RRII Library Rubber chemistry 17/12/2021 Journals